TV Father & Daughter Quiz Stats

 Plays Quiz Updated Jun 17, 2018

Also try: TV Mother & Son
Challenge
Share
Tweet
Score 0/20 Timer 07:00
1 Play Today
% Correct
The Simpsons
90.2%
Family Guy
88%
Game of Thrones
87.5%
American Dad!
80.3%
Full House
75.8%
24
71.1%
Friends
67.3%
Californication
63.6%
The Walking Dead
63.2%
Scandal
54.8%
% Correct
Alias
50.5%
Glee
47.3%
Veronica Mars
45.4%
Jane the Virgin
43.5%
Homeland
40.7%
Doctor Who
40.6%
Friday Night Lights
39.9%
Lie to Me
27.4%
American Horror Story: Murder House
26.5%
The Flash
21.4%

You're not logged in!

Compare scores with friends on all Sporcle quizzes.
OR
Log In

You Might Also Like...

Show Comments

Extras

Top Quizzes Today


Score Distribution

Your Account Isn't Verified!

In order to create a playlist on Sporcle, you need to verify the email address you used during registration. Go to your Sporcle Settings to finish the process.

Report this User

Report this user for behavior that violates our Community Guidelines.

Details: